000 01501nam a2200205Ia 4500
001 b6493-46457
003 IT-MiCISF
008 161014s9999||||xx |||||||||||||| ||und||
040 _aIT-MiCISF
_cIT-MiCISF
041 _ait
100 _aDogliotti Massimo
245 0 _aAffidamento condiviso e diritti dei minori
_b(Legge 8 febbraio 2006, n. 54)
250 _a1a ed.
260 _a Torino
_bGiappichelli
_c2008
300 _app. 350
500 _aGiuliano S., Longo F., Ferrando G., Ravot E., Ansaldo A., Figone A., Martinelli P., Mazza Galanti F., Zambrano V. / divorzio, affido-condiviso, diritto, diritti-bambino, obbligo-di-mantenimento, abitazione, nullità / 1. Principi generali e linee di tendenza (M. Dogliotti). - 2. Affidamento condiviso e diritti dei minori (M. Dogliotti). - 3. Affidamento condiviso e individuale (M. Dogliotti). - 4. il mantenimento dei figli minori (S. Giuliano). - 5. Il mantenimento dei figli maggiorenni (F. Longo). - 6. L'assegnazione della casa familiare (G. Ferrando). - 7. L'annullamento del matrimonio (E. Ravot). - 8. Il divorzio (A. Ansaldo). - 9. Affidamento condiviso e filiazione naturale (M. Dogliotti). - 10. Profili processuali (A. Figone). - 11. L'ascolto del minore (P. Martinelli-F. Mazza Galanti). - 12. Affidamento condiviso ed esperienze stra-niere: much ado about nothing (V. Zambrano). - Appendice giurisprudenziale. - Indice analitico.
650 _a Famiglia nella società / divorzio
_e006
942 _cBK
957 _71
999 _a46457
_bsi
_g1
_c210546
_d210546